| 000 | 00909cam a2200229 4500 | ||
|---|---|---|---|
| 001 | ABS66572 | ||
| 008 | 030502n2003 000 0 eng u | ||
| 035 | _a(Sirsi) u122186 | ||
| 100 | _aAtkinson, D. | ||
| 245 | _aDelay and disruption - acceleration | ||
| 260 | _c2003 | ||
| 490 |
_aCost Engineer _v41(2) March 2003,9-11(3) |
||
| 520 | _aLooks at the issue of acceleration in construction projects, stressing the main point is the date against which progress is measured. Examines the effects of acceleration on delay and disruption. Uses various cases to illustrate the obligation to accelerate, examples of acceleration agreements and claims for acceleration. | ||
| 590 | _aABS | ||
| 650 | _aDELAY | ||
| 650 | _aDISRUPTION | ||
| 650 | _aACCELERATION | ||
| 650 | _aCONSTRUCTION PROJECTS | ||
| 650 | _aCONSTRUCTION DISPUTES | ||
| 690 | _aBUILT ENVIRONMENT-BUILDING CONTRACT FORMS | ||
| 942 | _n0 | ||
| 999 |
_c72622 _d72622 |
||